[Event "Barcelona Martorell-chB 37th"]
[Site "Martorell"]
[Date "2019.10.26"]
[Round "7.3"]
[White "Marimon Torrens, Jordi"]
[Black "Romeu Perulles, Jaume"]
[Result "1/2-1/2"]
[WhiteElo "1760"]
[BlackElo "1765"]
[PlyCount "71"]
[EventDate "2019.09.14"]
[EventType "swiss"]
[EventRounds "9"]
[EventCountry "ESP"]
[SourceTitle "EXT 2024"]
[Source "ChessBase"]
[SourceDate "2023.10.10"]
[SourceVersion "1"]
[SourceVersionDate "2023.10.10"]
[SourceQuality "1"]

1. e4 e5 2. Nf3 Nf6 3. Nxe5 d6 4. Nf3 Nxe4 5. d4 d5 6. Bd3 Be7 7. c4 Nc6 8. Nc3 Nf6 9. 0-0 Bg4 10. Be3 0-0 11. c5 Bxc5 12. dxc5 d4 13. Bxd4 Nxd4 14. Bxh7+ Kxh7 15. Qxd4 Bxf3 16. Qxd8 Rfxd8 17. gxf3 Rd2 18. Rab1 Rd3 19. Kg2 Nh5 20. Rfd1 Rad8 21. Rxd3 Rxd3 22. Nb5 Rd5 23. b4 Rg5+ 24. Kh1 Nf4 25. Rg1 Rd5 26. Nxc7 Rd2 27. a3 Rxf2 28. Nb5 Ra2 29. Nd6 Rxa3 30. Nxb7 Rb3 31. Rc1 Nd5 32. c6 Nc7 33. Rd1 Rc3 34. Nc5 a5 35. Ne4 Rxc6 36. bxa5 1/2-1/2

[Event "Barcelona Martorell-chB 37th"]
[Site "Martorell"]
[Date "2019.10.12"]
[Round "5.2"]
[White "Martinez Ferrer, Albert"]
[Black "Marimon Torrens, Jordi"]
[Result "1/2-1/2"]
[WhiteElo "1780"]
[BlackElo "1760"]
[PlyCount "76"]
[EventDate "2019.09.14"]
[EventType "swiss"]
[EventRounds "9"]
[EventCountry "ESP"]
[SourceTitle "EXT 2024"]
[Source "ChessBase"]
[SourceDate "2023.10.10"]
[SourceVersion "1"]
[SourceVersionDate "2023.10.10"]
[SourceQuality "1"]

1. d4 Nf6 2. Bf4 c5 3. e3 Qb6 4. b3 Nd5 5. Bg3 Qb4+ 6. Qd2 cxd4 7. exd4 Qxd2+ 8. Nxd2 Nb4 9. Kd1 d5 10. Ngf3 e6 11. c3 N4c6 12. Bd3 Be7 13. Re1 0-0 14. Ke2 a6 15. Kf1 b5 16. Ne5 Nxe5 17. Bxe5 Nd7 18. Bg3 Bf6 19. f4 Nb6 20. Nf3 Bb7 21. Bh4 Bxh4 22. Nxh4 Rac8 23. Rac1 g6 24. Nf3 Rc7 25. Rc2 Rfc8 26. Rec1 Nd7 27. g4 Nf6 28. Ne5 Nd7 29. b4 Nxe5 30. fxe5 h6 31. Kf2 Kg7 32. Ke3 Ba8 33. Kd2 Bb7 34. Rf1 Bc6 35. Rf6 Be8 36. Rc1 Rc6 37. Rf3 R6c7 38. Rc2 Rc6 1/2-1/2

[Event "Igualada Anoia op 13th"]
[Site "Igualada"]
[Date "2018.01.20"]
[Round "2"]
[White "Marimon Torrens, Jordi"]
[Black "Perez Hernandez, Samuel"]
[Result "1-0"]
[WhiteElo "1867"]
[BlackElo "1761"]
[PlyCount "65"]
[EventDate "2018.01.13"]
[EventType "swiss"]
[EventRounds "8"]
[EventCountry "ESP"]
[SourceTitle "CBM 187 Extra"]
[Source "ChessBase"]
[SourceDate "2018.11.04"]
[SourceVersion "1"]
[SourceVersionDate "2018.11.04"]
[SourceQuality "1"]

1. e4 e5 2. Nf3 Nc6 3. d4 d6 4. dxe5 Bg4 5. exd6 Bxd6 6. Be3 Qe7 7. Nbd2 Nf6 8. Bd3 Ne5 9. Qe2 h6 10. h3 Bh5 11. g4 Bg6 12. 0-0-0 Nfd7 13. Nxe5 Nxe5 14. f4 Nxd3+ 15. Qxd3 0-0-0 16. Qd4 Bxf4 17. Qxa7 Bxe3 18. Qxe3 Kb8 19. Rhe1 Rhe8 20. e5 Qe6 21. Qb3 Rd4 22. Qxe6 Rxe6 23. Nf3 Rxd1+ 24. Kxd1 Rc6 25. c3 Ra6 26. a3 Rb6 27. Kc1 Kc8 28. Nd4 Kd7 29. Nf5 Bxf5 30. gxf5 Ke7 31. f6+ gxf6 32. exf6+ Kxf6 33. Re3 1-0

[Event "Martorell op 35th"]
[Site "Martorell"]
[Date "2017.11.11"]
[Round "8"]
[White "Canovas Quesada, Joan Josep"]
[Black "Marimon Torrens, Jordi"]
[Result "1/2-1/2"]
[WhiteElo "1859"]
[BlackElo "1891"]
[PlyCount "96"]
[EventDate "2017.09.16"]
[EventType "swiss"]
[EventRounds "9"]
[EventCountry "ESP"]
[SourceTitle "CBM 189 Extra"]
[Source "ChessBase"]
[SourceDate "2019.06.03"]
[SourceVersion "1"]
[SourceVersionDate "2019.06.03"]
[SourceQuality "1"]

1. e4 d5 2. exd5 Qxd5 3. Nc3 Qd6 4. d4 Nf6 5. Nf3 Bg4 6. g3 Nc6 7. Bg2 0-0-0 8. Be3 e5 9. dxe5 Qxd1+ 10. Rxd1 Rxd1+ 11. Nxd1 Bxf3 12. Bxf3 Nxe5 13. Bg2 b6 14. 0-0 Bd6 15. Nc3 a6 16. Ne4 Nxe4 17. Bxe4 Nc4 18. Bc1 Ne5 19. f4 Bc5+ 20. Kg2 Nc4 21. Kf3 g6 22. b3 Nd6 23. Bd3 Kb7 24. Re1 Re8 25. Rxe8 Nxe8 26. Bb2 Nd6 27. Be5 a5 28. Bxd6 Bxd6 29. Bc4 f6 30. h4 Kc6 31. g4 h6 32. g5 fxg5 33. hxg5 hxg5 34. fxg5 Kc5 35. a4 c6 36. Bf7 b5 37. axb5 cxb5 38. Bxg6 a4 39. bxa4 bxa4 40. Bf7 Kd4 41. Ke2 Kc3 42. g6 Bf8 43. Kd1 Bh6 44. Be8 a3 45. Bf7 Kb4 46. Ba2 Kc3 47. Bb3 Kb4 48. Ke2 Kc3 1/2-1/2

[Event "Martorell op 35th"]
[Site "Martorell"]
[Date "2017.11.04"]
[Round "7"]
[White "Marimon Torrens, Jordi"]
[Black "Jove Grau, Lluis"]
[Result "0-1"]
[WhiteElo "1891"]
[BlackElo "2082"]
[PlyCount "54"]
[EventDate "2017.09.16"]
[EventType "swiss"]
[EventRounds "9"]
[EventCountry "ESP"]
[SourceTitle "CBM 189 Extra"]
[Source "ChessBase"]
[SourceDate "2019.06.03"]
[SourceVersion "1"]
[SourceVersionDate "2019.06.03"]
[SourceQuality "1"]

1. e4 e5 2. Nf3 Nc6 3. d4 exd4 4. Bc4 Bb4+ 5. c3 dxc3 6. 0-0 Qf6 7. bxc3 Be7 8. Bg5 Qg6 9. Bxe7 Ngxe7 10. e5 b6 11. Bd3 Qh5 12. Re1 Bb7 13. Nbd2 0-0-0 14. Qa4 f6 15. Ba6 fxe5 16. Nc4 d6 17. Rab1 Kb8 18. Bxb7 Kxb7 19. Na5+ Nxa5 20. Qxa5 Rhf8 21. Qb5 Qe8 22. Qb3 Qc6 23. Ng5 Rf6 24. Re4 Rg6 25. Rc4 Qd7 26. Nf3 Rf8 27. Kh1 Rxf3 0-1

[Event "Martorell op 35th"]
[Site "Martorell"]
[Date "2017.10.28"]
[Round "6"]
[White "Marimon Torrens, Jordi"]
[Black "Fabregat Planella, Joaquim"]
[Result "1-0"]
[WhiteElo "1891"]
[BlackElo "1806"]
[PlyCount "107"]
[EventDate "2017.09.16"]
[EventType "swiss"]
[EventRounds "9"]
[EventCountry "ESP"]
[SourceTitle "CBM 189 Extra"]
[Source "ChessBase"]
[SourceDate "2019.06.03"]
[SourceVersion "1"]
[SourceVersionDate "2019.06.03"]
[SourceQuality "1"]

1. e4 c5 2. Nf3 Nc6 3. d4 cxd4 4. Nxd4 Nf6 5. Nc3 e5 6. Ndb5 d6 7. Bg5 a6 8. Bxf6 gxf6 9. Na3 b5 10. Nd5 Bg7 11. g3 f5 12. Bg2 fxe4 13. Bxe4 0-0 14. Qh5 f5 15. Ne7+ Qxe7 16. Bxc6 Bb7 17. Bxb7 Qxb7 18. 0-0-0 d5 19. Qf3 e4 20. Qb3 Rfd8 21. c3 Kh8 22. Nc2 Rac8 23. Kb1 a5 24. Nd4 Bxd4 25. Rxd4 Rc4 26. Rhd1 Rxd4 27. Rxd4 Qc6 28. Qd1 Kg7 29. Qd2 Rd7 30. Qf4 Qe6 31. h4 h5 32. Qg5+ Qg6 33. Qd2 Qf7 34. a4 bxa4 35. Rxa4 Qf6 36. Rd4 Qf7 37. c4 Kf6 38. c5 Qe6 39. Qh6+ Ke5 40. Qh8+ Qf6 41. Qxf6+ Kxf6 42. c6 Rc7 43. Rxd5 Rxc6 44. Rxa5 Rd6 45. Kc2 Rc6+ 46. Kd2 Rb6 47. Kc3 Rc6+ 48. Kb3 Rd6 49. Rc5 Rd2 50. Rc2 Rd6 51. Ka4 Ra6+ 52. Kb4 Ra2 53. Kc3 Ke5 54. b4 1-0

[Event "Vilafranca del Penedes op 11th"]
[Site "Vilafranca del Penedes"]
[Date "2017.04.07"]
[Round "2"]
[White "Marimon Torrens, Jordi"]
[Black "Vilella Bertran, Joan"]
[Result "0-1"]
[WhiteElo "2018"]
[BlackElo "2204"]
[PlyCount "44"]
[EventDate "2017.03.31"]
[EventType "swiss"]
[EventRounds "8"]
[EventCountry "ESP"]
[SourceTitle "EXT 2018"]
[Source "ChessBase"]
[SourceDate "2017.10.13"]
[SourceVersion "1"]
[SourceVersionDate "2017.10.13"]
[SourceQuality "1"]

1. e4 e6 2. d4 d5 3. exd5 exd5 4. c4 Nf6 5. Nf3 Bb4+ 6. Nc3 0-0 7. Be2 dxc4 8. 0-0 Be6 9. Ng5 Bf5 10. Bxc4 Bg6 11. Qb3 Bd6 12. Nb5 Nc6 13. Nxd6 Qxd6 14. Qxb7 Rab8 15. Qa6 Rb6 16. Qa3 Qxa3 17. bxa3 Nxd4 18. Be3 Rd6 19. Rfd1 Rfd8 20. Rd2 h6 21. Rad1 Nf5 22. Rxd6 Rxd6 0-1

[Event "Igualada op 12th"]
[Site "Igualada"]
[Date "2017.02.25"]
[Round "7"]
[White "Marimon Torrens, Jordi"]
[Black "De Paz San Martin, Jose Angel"]
[Result "1/2-1/2"]
[WhiteElo "1838"]
[BlackElo "1964"]
[PlyCount "101"]
[EventDate "2017.01.14"]
[EventType "swiss"]
[EventRounds "8"]
[EventCountry "ESP"]
[SourceTitle "EXT 2018"]
[Source "ChessBase"]
[SourceDate "2017.10.13"]
[SourceVersion "1"]
[SourceVersionDate "2017.10.13"]
[SourceQuality "1"]

1. e4 e5 2. Nf3 d6 3. d4 exd4 4. Nxd4 Nf6 5. Nc3 Be7 6. Bc4 0-0 7. 0-0 Nc6 8. Bf4 Ne5 9. Bb3 c6 10. a4 Re8 11. Re1 Bf8 12. Bg5 h6 13. Bh4 g5 14. Bg3 Ng6 15. Nf5 Bxf5 16. exf5 Rxe1+ 17. Qxe1 Ne7 18. h4 Nxf5 19. hxg5 hxg5 20. Qd2 Nh5 21. Qd3 Nhxg3 22. fxg3 Qf6 23. Ne4 Qe7 24. g4 d5 25. gxf5 dxe4 26. Qe3 Qc5 27. Qxc5 Bxc5+ 28. Kf1 Rd8 29. Ke2 Kg7 30. Rd1 Rxd1 31. Kxd1 g4 32. Bc4 Kf6 33. Ke2 Kxf5 34. Bxf7 Kf4 35. Be6 Kg3 36. Bc8 b6 37. Bd7 Kxg2 38. Bxc6 Kg1 39. Bxe4 g3 40. c3 g2 41. b4 Bd6 42. Kd3 Kf2 43. Bxg2 Kxg2 44. Kc4 Be5 45. a5 bxa5 46. bxa5 Kf3 47. Kb4 Ke4 48. c4 Kd4 49. Kb5 Bd6 50. Ka6 Bc5 51. Kb5 1/2-1/2

[Event "Igualada op 12th"]
[Site "Igualada"]
[Date "2017.02.04"]
[Round "4"]
[White "Santiago Abril, Narcis J"]
[Black "Marimon Torrens, Jordi"]
[Result "0-1"]
[WhiteElo "1894"]
[BlackElo "1838"]
[PlyCount "46"]
[EventDate "2017.01.14"]
[EventType "swiss"]
[EventRounds "8"]
[EventCountry "ESP"]
[SourceTitle "EXT 2018"]
[Source "ChessBase"]
[SourceDate "2017.10.13"]
[SourceVersion "1"]
[SourceVersionDate "2017.10.13"]
[SourceQuality "1"]

1. e4 d5 2. exd5 Qxd5 3. Nc3 Qd6 4. d4 Nf6 5. Bc4 Bg4 6. Nge2 Nc6 7. Bf4 Bxe2 8. Bxd6 Bxd1 9. Nb5 Rc8 10. Nxc7+ Kd7 11. Bg3 Bh5 12. Nb5 a6 13. Na3 e6 14. Bd3 Bxa3 15. bxa3 Nxd4 16. Kd2 Bg6 17. Rab1 b5 18. a4 Nxc2 19. axb5 Bxd3 20. Kxd3 Na3 21. Rb3 Nxb5 22. a4 Nd6 23. Rhb1 Nd5 0-1

[Event "Igualada op 12th"]
[Site "Igualada"]
[Date "2017.01.28"]
[Round "3"]
[White "Marimon Torrens, Jordi"]
[Black "Algarte Cortes, Serafin Ramon"]
[Result "1-0"]
[WhiteElo "1838"]
[BlackElo "1704"]
[PlyCount "27"]
[EventDate "2017.01.14"]
[EventType "swiss"]
[EventRounds "8"]
[EventCountry "ESP"]
[SourceTitle "EXT 2018"]
[Source "ChessBase"]
[SourceDate "2017.10.13"]
[SourceVersion "1"]
[SourceVersionDate "2017.10.13"]
[SourceQuality "1"]

1. e4 e5 2. Nf3 Nc6 3. d4 exd4 4. Bc4 h6 5. 0-0 d6 6. Nxd4 Bd7 7. Nc3 Nf6 8. Nd5 Be7 9. Nxe7 Nxe7 10. Qf3 0-0 11. Bxh6 Nxe4 12. Qxe4 gxh6 13. Rfe1 Ng6 14. Qxg6+ 1-0

[Event "Martorell op 34th"]
[Site "Martorell"]
[Date "2016.10.15"]
[Round "5"]
[White "Marimon Torrens, Jordi"]
[Black "Montero Montero, Cristobal"]
[Result "1-0"]
[WhiteElo "1881"]
[BlackElo "1823"]
[PlyCount "40"]
[EventDate "2016.09.17"]
[EventType "swiss"]
[EventRounds "9"]
[EventCountry "ESP"]
[SourceTitle "EXT 2018"]
[Source "ChessBase"]
[SourceDate "2017.10.13"]
[SourceVersion "1"]
[SourceVersionDate "2017.10.13"]
[SourceQuality "1"]

1. e4 c5 2. Nf3 Nc6 3. d4 cxd4 4. Nxd4 Nf6 5. Nc3 a6 6. Be3 d6 7. Be2 g6 8. f3 Bg7 9. Qd2 Qc7 10. 0-0-0 Nxd4 11. Bxd4 Be6 12. g4 Qa5 13. g5 Nh5 14. f4 Bxa2 15. Bxh5 Bxd4 16. Qxd4 e5 17. Qxd6 gxh5 18. Nd5 Bxd5 19. Rxd5 Qa1+ 20. Kd2 Qxh1 1-0

[Event "Martorell op 34th"]
[Site "Martorell"]
[Date "2016.09.24"]
[Round "2"]
[White "Lluverol Torrents, Salvador"]
[Black "Marimon Torrens, Jordi"]
[Result "1-0"]
[WhiteElo "1969"]
[BlackElo "1881"]
[PlyCount "82"]
[EventDate "2016.09.17"]
[EventType "swiss"]
[EventRounds "9"]
[EventCountry "ESP"]
[SourceTitle "EXT 2018"]
[Source "ChessBase"]
[SourceDate "2017.10.13"]
[SourceVersion "1"]
[SourceVersionDate "2017.10.13"]
[SourceQuality "1"]

1. d4 Nf6 2. c4 g6 3. Nc3 d5 4. cxd5 Nxd5 5. e4 Nxc3 6. bxc3 Bg7 7. Bc4 0-0 8. Ne2 c5 9. 0-0 cxd4 10. cxd4 Nc6 11. Be3 Na5 12. Bd3 Nc6 13. Bc2 Qa5 14. Qc1 Qa6 15. Re1 Nb4 16. Qb2 Nd3 17. Bxd3 Qxd3 18. Qb1 Qc3 19. Qc1 Be6 20. d5 Qxc1 21. Raxc1 Bc8 22. Nd4 Rd8 23. Nb5 b6 24. Rc7 Rd7 25. Rec1 Rxc7 26. Rxc7 a6 27. Nd4 Bxd4 28. Bxd4 Kf8 29. f3 Rb8 30. Kf2 Ke8 31. Be5 Kd8 32. Ra7 Rb7 33. Rxa6 e6 34. d6 Kd7 35. Bg7 f6 36. e5 fxe5 37. Bxe5 Rb8 38. Ra7+ Rb7 39. Ra8 b5 40. Ke3 Rb6 41. Kd4 Rc6 1-0

[Event "Vilafranca del Penedes op 10th"]
[Site "Vilafranca del Penedes"]
[Date "2016.05.20"]
[Round "8.8"]
[White "Canales Garcia, Vicenc"]
[Black "Marimon Torrens, Jordi"]
[Result "1-0"]
[WhiteElo "2157"]
[BlackElo "2064"]
[PlyCount "109"]
[EventDate "2016.04.01"]
[EventType "swiss"]
[EventRounds "8"]
[EventCountry "ESP"]
[SourceTitle "EXT 2024"]
[Source "ChessBase"]
[SourceDate "2023.10.10"]
[SourceVersion "1"]
[SourceVersionDate "2023.10.10"]
[SourceQuality "1"]

1. d4 Nf6 2. Nf3 g6 3. Bf4 Bg7 4. e3 c5 5. Be2 Qb6 6. Nc3 d5 7. 0-0 Bd7 8. Qd2 0-0 9. Ne5 Rd8 10. a4 Ne4 11. Nxe4 dxe4 12. a5 Qf6 13. dxc5 e6 14. Rfd1 Qe7 15. Qd6 Qxd6 16. cxd6 Nc6 17. Nxd7 Rxd7 18. c3 Rad8 19. a6 e5 20. Bg5 f6 21. Bh4 b6 22. Kf1 Rxd6 23. Rxd6 Rxd6 24. Rd1 Rxd1+ 25. Bxd1 Kf7 26. Bb3+ Ke7 27. Bd5 Nb8 28. Bb7 Kd6 29. b4 b5 30. Ke2 Kc7 31. Bxe4 Nxa6 32. Bd5 Kd6 33. e4 Nc7 34. Bg8 h5 35. f3 Ne6 36. Bf2 Nf4+ 37. Kf1 a6 38. Bc5+ Kd7 39. g3 Ne6 40. Be3 Ke7 41. Ke2 Kd6 42. Bf7 Nf8 43. Bc5+ Kd7 44. Bxf8 Bxf8 45. Bxg6 h4 46. gxh4 Kc7 47. Kf2 Bh6 48. h5 Kb6 49. Kg3 a5 50. Kg4 a4 51. h4 a3 52. Bf7 Kc7 53. Kf5 Kd6 54. Kg6 Ke7 55. Bb3 1-0

[Event "Tarrega Tardor op 1st"]
[Site "Tarrega"]
[Date "2015.11.20"]
[Round "8"]
[White "Marimon Torrens, Jordi"]
[Black "Monfa Sole, Ramon"]
[Result "0-1"]
[WhiteElo "2079"]
[BlackElo "2178"]
[PlyCount "70"]
[EventDate "2015.10.02"]
[EventType "swiss"]
[EventRounds "8"]
[EventCountry "ESP"]
[SourceTitle "CBM 169 Extra"]
[Source "ChessBase"]
[SourceDate "2015.12.18"]
[SourceVersion "1"]
[SourceVersionDate "2015.12.18"]
[SourceQuality "1"]

1. e4 a6 2. d4 e6 3. f4 b5 4. Nf3 Bb7 5. Bd3 c5 6. c3 d6 7. 0-0 Nd7 8. f5 e5 9. Bg5 Ngf6 10. a4 Qb6 11. Qe2 c4 12. Bc2 Be7 13. Nbd2 h6 14. Bh4 0-0 15. Kh1 Rfe8 16. axb5 axb5 17. dxe5 dxe5 18. b3 cxb3 19. Bxb3 Bc5 20. Rxa8 Bxa8 21. h3 Qc6 22. Bc2 Qb6 23. Ra1 Bc6 24. Nh2 Qb7 25. Ng4 Be7 26. Bg3 Nxg4 27. Qxg4 Bg5 28. Qe2 Bxd2 29. Qxd2 Nf6 30. Qd6 Bxe4 31. Bb3 Bxg2+ 32. Kh2 Ne4 33. Qd1 Nf6 34. Qg1 Bd5 35. Ra7 Qc6 0-1

[Event "Tarrega Tardor op 1st"]
[Site "Tarrega"]
[Date "2015.10.30"]
[Round "5"]
[White "Marimon Torrens, Jordi"]
[Black "Massot Ribe, Jesus"]
[Result "0-1"]
[WhiteElo "2079"]
[BlackElo "1965"]
[PlyCount "58"]
[EventDate "2015.10.02"]
[EventType "swiss"]
[EventRounds "8"]
[EventCountry "ESP"]
[SourceTitle "CBM 169 Extra"]
[Source "ChessBase"]
[SourceDate "2015.12.18"]
[SourceVersion "1"]
[SourceVersionDate "2015.12.18"]
[SourceQuality "1"]

1. e4 e6 2. Nf3 d5 3. exd5 exd5 4. d4 Bg4 5. Bd3 Nc6 6. c3 Bd6 7. 0-0 Nge7 8. Bg5 Qd7 9. Nbd2 0-0-0 10. Qa4 f6 11. Bh4 Kb8 12. Rfe1 g5 13. Bg3 Bxg3 14. fxg3 h5 15. b4 Rdg8 16. b5 Nd8 17. c4 h4 18. gxh4 gxh4 19. Bf1 Ne6 20. c5 Nf4 21. c6 Qd6 22. Kh1 Nf5 23. Qb3 Ng3+ 24. Kg1 Nxf1 25. Kxf1 Bf5 26. Ne5 fxe5 27. Rxe5 Qg6 28. Qf3 Nxg2 29. Kf2 Be4 0-1

[Event "Igualada and Anoia op 9th"]
[Site "Igualada"]
[Date "2014.02.08"]
[Round "4"]
[White "Serrano Carmona, Alfonso"]
[Black "Marimon Torrens, Jordi"]
[Result "0-1"]
[WhiteElo "1676"]
[BlackElo "1910"]
[PlyCount "54"]
[EventDate "2014.01.11"]
[EventType "swiss"]
[EventRounds "8"]
[EventCountry "ESP"]
[SourceTitle "EXT 2024"]
[Source "ChessBase"]
[SourceDate "2023.10.10"]
[SourceVersion "1"]
[SourceVersionDate "2023.10.10"]
[SourceQuality "1"]

1. e4 d5 2. exd5 Qxd5 3. Nc3 Qa5 4. d4 Bf5 5. Nf3 Nf6 6. Bd2 c6 7. Bc4 e6 8. a3 Bd6 9. h3 Qc7 10. Nh4 Bg6 11. Nxg6 hxg6 12. Qe2 0-0 13. 0-0-0 b5 14. Bd3 b4 15. axb4 Bxb4 16. h4 Qa5 17. Nb1 Nbd7 18. Bxb4 Qxb4 19. c3 Qa5 20. g4 Rab8 21. g5 Nh5 22. Qc2 Nf4 23. Be2 Nxe2+ 24. Qxe2 Rb3 25. f4 Rfb8 26. Rd2 Qa1 27. Rh2 Rxc3+ 0-1

[Event "Vilafranca del Penedes op 7th"]
[Site "Vilafranca del Penedes"]
[Date "2013.05.17"]
[Round "7"]
[White "Marimon Torrens, Jordi"]
[Black "Khaidorov, Viacheslav"]
[Result "1/2-1/2"]
[WhiteElo "1912"]
[BlackElo "2281"]
[PlyCount "60"]
[EventDate "2013.04.05"]
[EventType "swiss"]
[EventRounds "8"]
[EventCountry "ESP"]
[SourceTitle "EXT 2014"]
[Source "ChessBase"]
[SourceDate "2013.11.20"]
[SourceVersion "1"]
[SourceVersionDate "2013.11.20"]
[SourceQuality "1"]

1. e4 e5 2. Nf3 Nc6 3. d4 exd4 4. Nxd4 Bc5 5. Nb3 Bb6 6. Bc4 Nf6 7. Nc3 d6 8. 0-0 Ng4 9. h3 Nge5 10. Be2 Qh4 11. Nd5 Bxh3 12. Nxb6 Bxg2 13. Kxg2 Qxe4+ 14. f3 Qg6+ 15. Kf2 axb6 16. Rg1 Qh5 17. Rh1 Qf5 18. f4 g5 19. Rh5 Rg8 20. Nd4 Qf6 21. Nxc6 bxc6 22. Qg1 0-0-0 23. Rxg5 Ng6 24. Qg4+ Kb7 25. c3 h5 26. Qf5 Qe7 27. Qd3 Rde8 28. Bd2 Nxf4 29. Bxf4 Rxg5 30. Bxg5 Qxg5 1/2-1/2